[Event "MCR_O192"]
[Site "?"]
[Date "2004.??.??"]
[Round "?"]
[White "Pipek, Jan"]
[Black "Cvak, Rudolf"]
[Result "0-1"]
[WhiteElo "1800"]
[BlackElo "1920"]
[PlyCount "50"]
[EventDate "2004.??.??"]
[EventType "corr"]
[EventRounds "2"]
[SourceDate "2005.03.12"]

1. e4 c5 2. Nf3 Nc6 3. Nc3 Nf6 4. Bb5 a6 5. Bxc6 dxc6 6. O-O Bg4 7. d3 Nd7 8.
h3 Bh5 9. g4 Bg6 10. Nh4 c4 11. dxc4 e6 12. Ng2 Bb4 13. Qe2 Bxc3 14. bxc3 Qa5
15. Bb2 h5 16. Nf4 hxg4 17. Nxg6 gxh3 18. Qg4 Nf6 19. Qg3 Rh5 20. e5 fxg6 21.
Qxg6+ Kf8 22. Ba3+ Kg8 23. Bd6 Rh6 24. Qd3 Ne8 25. Kh2 Rd8 0-1

[Event "MCR_O192"]
[Site "?"]
[Date "2004.??.??"]
[Round "?"]
[White "Pipek, Jan"]
[Black "Lucan, Zdenko"]
[Result "1-0"]
[WhiteElo "1800"]
[BlackElo "1800"]
[PlyCount "57"]
[EventDate "2004.??.??"]
[EventType "corr"]
[EventRounds "2"]
[SourceDate "2005.03.12"]

1. e4 Nf6 2. e5 Nd5 3. c4 Nb6 4. d4 d6 5. Nf3 Nc6 6. exd6 cxd6 7. b3 e6 8. Bd3
Be7 9. O-O O-O 10. Re1 Bf6 11. Bb2 Re8 12. a3 a6 13. Qc2 g6 14. Qe2 e5 15. d5
Nd4 16. Nxd4 Bd7 17. Nc2 e4 18. Bxf6 exd3 19. Bxd8 dxe2 20. Bxb6 Bf5 21. Nd4
Bxb1 22. Raxb1 f5 23. Rb2 a5 24. Nb5 Re7 25. Rexe2 Rd7 26. Re6 Kf7 27. Nxd6+
Kg7 28. Ne8+ Kf7 29. Nf6 1-0

[Event "MCR_O192"]
[Site "?"]
[Date "2004.??.??"]
[Round "?"]
[White "Pipek, Jan"]
[Black "Mikolas, Jan"]
[Result "0-1"]
[WhiteElo "1800"]
[BlackElo "1992"]
[PlyCount "54"]
[EventDate "2004.??.??"]
[EventType "corr"]
[EventRounds "2"]
[SourceDate "2005.03.12"]

1. e4 e6 2. d4 d5 3. e5 c5 4. c3 Nc6 5. Nf3 Qb6 6. Be2 cxd4 7. cxd4 Nge7 8. Nc3
Nf5 9. O-O Nfxd4 10. Be3 Nxf3+ 11. Bxf3 Qxb2 12. Bd4 Nxd4 13. Qxd4 Qb4 14. Qd3
Be7 15. Rab1 Qa5 16. Rb5 Qc7 17. Qd4 Bd7 18. Rb3 Bc5 19. Qf4 O-O 20. Rd1 Rac8
21. Qg3 Bc6 22. Nb5 Qa5 23. Nd6 Bxd6 24. exd6 Ba4 25. Ra3 Qb4 26. Rxa4 Qxa4 27.
Qg4 Qxg4 0-1

[Event "MCR_O192"]
[Site "?"]
[Date "2004.??.??"]
[Round "?"]
[White "Pipek, Jan"]
[Black "Novak, Vaclav"]
[Result "1/2-1/2"]
[WhiteElo "1800"]
[BlackElo "1860"]
[PlyCount "49"]
[EventDate "2004.??.??"]
[EventType "corr"]
[EventRounds "2"]
[SourceDate "2005.03.12"]

1. e4 g6 2. d4 Bg7 3. Be2 d6 4. Nf3 c6 5. O-O Nd7 6. Nc3 e5 7. Bg5 f6 8. Be3
Nh6 9. h3 O-O 10. a3 Qe7 11. d5 c5 12. Nb5 Nb6 13. Nc3 f5 14. Bg5 Qc7 15. Be3
fxe4 16. Nxe4 Nf5 17. Nc3 Nd4 18. Nxd4 exd4 19. Nb5 Qe7 20. b4 a6 21. bxc5 dxc5
22. d6 Qf6 23. Nc7 Rb8 24. c3 Qxd6 25. Qb3+ 1/2-1/2

[Event "MCR_O192"]
[Site "?"]
[Date "2004.??.??"]
[Round "?"]
[White "Pipek, Jan"]
[Black "Vins, Karel"]
[Result "1-0"]
[WhiteElo "1800"]
[BlackElo "1800"]
[PlyCount "101"]
[EventDate "2004.??.??"]
[EventType "corr"]
[EventRounds "2"]
[SourceDate "2005.03.12"]

1. e4 c5 2. Nf3 d6 3. Bb5+ Bd7 4. Bxd7+ Qxd7 5. O-O e5 6. Nc3 Nf6 7. a3 Nc6 8.
b4 b6 9. bxc5 bxc5 10. Bb2 Be7 11. Rb1 O-O 12. Ne2 h6 13. d3 Nh7 14. Ng3 Rab8
15. Nf5 h5 16. Qe2 g6 17. Ng3 h4 18. Nh1 Kh8 19. c3 Rg8 20. Ba1 g5 21. g3 h3
22. Nd2 g4 23. f3 Rxb1 24. Rxb1 f5 25. Nf2 Nf6 26. exf5 Qxf5 27. fxg4 Nxg4 28.
Nxh3 Nh6 29. Qe4 Qxe4 30. dxe4 Rb8 31. Rxb8+ Nxb8 32. Nf2 Kg7 33. g4 Kg6 34.
Nf3 Bg5 35. Nxg5 Kxg5 36. h3 Nd7 37. Bb2 Kg6 38. Bc1 Nf7 39. h4 Nf6 40. Bb2 d5
41. exd5 Nxd5 42. h5+ Kh7 43. Ne4 c4 44. g5 Nxg5 45. Nxg5+ Kh6 46. Nf7+ Kxh5
47. Nxe5 Nb6 48. Kf2 Kg5 49. Ke3 Kf5 50. Kd4 Ke6 51. Nxc4 1-0

[Event "MCR_O192"]
[Site "?"]
[Date "2004.??.??"]
[Round "?"]
[White "Vins, Karel"]
[Black "Brunclik, Vladimir"]
[Result "0-1"]
[WhiteElo "1800"]
[BlackElo "1946"]
[PlyCount "82"]
[EventDate "2004.??.??"]
[EventType "corr"]
[EventRounds "2"]
[SourceDate "2005.03.12"]

1. e4 e5 2. Nf3 Nc6 3. Bc4 Bc5 4. c3 Nf6 5. d4 exd4 6. cxd4 Bb4+ 7. Bd2 Bxd2+
8. Nbxd2 d5 9. exd5 Nxd5 10. Qb3 Nce7 11. O-O O-O 12. Rfe1 c6 13. Rad1 b6 14.
a3 h6 15. h3 Be6 16. Qc2 Re8 17. h4 Nf4 18. Bxe6 Nxe6 19. Nf1 Qc7 20. g3 Rad8
21. b4 Rd6 22. Re2 Red8 23. Red2 a6 24. Ne3 b5 25. Qe4 Nd5 26. Nxd5 Rxd5 27.
Kg2 a5 28. Qe3 axb4 29. axb4 Qe7 30. Qc3 Qf6 31. Qe3 R8d6 32. Qc3 g5 33. hxg5
hxg5 34. Qe3 Qf5 35. Ne5 Kg7 36. Qc3 Nxd4 37. Rxd4 Qxe5 38. Qe3 Qxe3 39. fxe3
Rxd4 40. Rxd4 Rxd4 41. exd4 f5 0-1

[Event "MCR_O192"]
[Site "?"]
[Date "2004.??.??"]
[Round "?"]
[White "Vins, Karel"]
[Black "Cvak, Rudolf"]
[Result "0-1"]
[WhiteElo "1800"]
[BlackElo "1920"]
[PlyCount "58"]
[EventDate "2004.??.??"]
[EventType "corr"]
[EventRounds "2"]
[SourceDate "2005.03.12"]

1. e4 Nf6 2. e5 Nd5 3. c4 Nb6 4. d4 d6 5. f4 dxe5 6. fxe5 Nc6 7. Nf3 Bf5 8. c5
Nd5 9. Bb5 Ndb4 10. Na3 e6 11. O-O a6 12. Bxc6+ Nxc6 13. Be3 Qd7 14. Qb3 O-O-O
15. Rfd1 f6 16. Nc4 h5 17. Qc3 h4 18. h3 Qe8 19. Bf2 Be4 20. exf6 gxf6 21. Ncd2
Bd5 22. Nxh4 f5 23. Ndf3 Be7 24. Qe1 f4 25. Ne5 Nxe5 26. dxe5 Qh5 27. Rxd5 exd5
28. Nf3 Rdg8 29. Kh1 Qxf3 0-1

[Event "MCR_O192"]
[Site "?"]
[Date "2004.??.??"]
[Round "?"]
[White "Vins, Karel"]
[Black "Lucan, Zdenko"]
[Result "1-0"]
[WhiteElo "1800"]
[BlackElo "1800"]
[PlyCount "75"]
[EventDate "2004.??.??"]
[EventType "corr"]
[EventRounds "2"]
[SourceDate "2005.03.12"]

1. e4 Nf6 2. e5 Nd5 3. c4 Nb6 4. d4 d6 5. f4 dxe5 6. fxe5 e6 7. Nf3 Nc6 8. Bd3
Bb4+ 9. Nc3 Nxd4 10. a3 Bxc3+ 11. bxc3 Nxf3+ 12. Qxf3 c6 13. O-O O-O 14. Re1
Nd7 15. Qh3 g6 16. Qg3 Nc5 17. Bc2 b6 18. Bg5 Qc7 19. Bf6 Nd7 20. Bg5 f6 21.
Bh6 f5 22. Bxf8 Nxf8 23. Rad1 c5 24. Rd6 Bd7 25. Red1 Rd8 26. h4 h5 27. Qg5 Kh7
28. R1d2 Kg7 29. Ba4 Bxa4 30. Qxd8 Qxd8 31. Rxd8 Bb3 32. Ra8 a5 33. Rdd8 Nh7
34. Ra7+ Kh6 35. Rh8 g5 36. hxg5+ Kxg5 37. Raxh7 Bxc4 38. Rxh5+ 1-0

[Event "MCR_O192"]
[Site "?"]
[Date "2004.??.??"]
[Round "?"]
[White "Vins, Karel"]
[Black "Mikolas, Jan"]
[Result "0-1"]
[WhiteElo "1800"]
[BlackElo "1992"]
[PlyCount "52"]
[EventDate "2004.??.??"]
[EventType "corr"]
[EventRounds "2"]
[SourceDate "2005.03.12"]

1. d4 d5 2. c4 e6 3. Nc3 Nf6 4. Bg5 Nbd7 5. e3 c6 6. Nf3 Qa5 7. Qc2 Ne4 8. a3
Bb4 9. axb4 Qxa1+ 10. Qb1 Qxb1+ 11. Nxb1 Nxg5 12. Nxg5 h6 13. Nf3 b6 14. c5
bxc5 15. bxc5 Rb8 16. Nfd2 Rxb2 17. Be2 e5 18. O-O a5 19. Rd1 a4 20. Kf1 Ke7
21. Na3 Bb7 22. Ndb1 Rb8 23. Ke1 Bc8 24. Rc1 exd4 25. exd4 R8b3 26. Bd1 Rb4 0-1

[Event "MCR_O192"]
[Site "?"]
[Date "2004.??.??"]
[Round "?"]
[White "Vins, Karel"]
[Black "Novak, Vaclav"]
[Result "0-1"]
[WhiteElo "1800"]
[BlackElo "1860"]
[PlyCount "62"]
[EventDate "2004.??.??"]
[EventType "corr"]
[EventRounds "2"]
[SourceDate "2005.03.12"]

1. e4 c5 2. Nf3 e6 3. d4 cxd4 4. Nxd4 a6 5. Nc3 Qc7 6. a3 Nc6 7. Be3 Nf6 8. Bd3
Bc5 9. Nxc6 Bxe3 10. fxe3 dxc6 11. Qe2 e5 12. h3 Be6 13. O-O O-O 14. b3 b5 15.
b4 c5 16. bxc5 Qxc5 17. Nd1 Rac8 18. Nf2 Bc4 19. Rfe1 Rfd8 20. Qd2 Qc6 21. Qa5
Qc7 22. Qxc7 Rxc7 23. Rac1 Rdc8 24. Re2 Nxe4 25. Nxe4 Bxd3 26. cxd3 Rxc1+ 27.
Kh2 Ra1 28. d4 exd4 29. exd4 Rxa3 30. Nc5 g6 31. Rd2 Kg7 0-1

[Event "MCR_O192"]
[Site "?"]
[Date "2004.??.??"]
[Round "?"]
[White "Vins, Karel"]
[Black "Pipek, Jan"]
[Result "0-1"]
[WhiteElo "1800"]
[BlackElo "1800"]
[PlyCount "66"]
[EventDate "2004.??.??"]
[EventType "corr"]
[EventRounds "2"]
[SourceDate "2005.03.12"]

1. e4 e5 2. Nf3 Nc6 3. Bc4 Nf6 4. Ng5 d5 5. exd5 Na5 6. Bb5+ c6 7. dxc6 bxc6 8.
Be2 h6 9. Nf3 e4 10. Ne5 Bd6 11. d4 exd3 12. Nxd3 O-O 13. b3 Bb7 14. Bf3 Re8+
15. Be3 Qc7 16. g3 Nd5 17. Qd2 Be5 18. c3 Nxe3 19. fxe3 Rad8 20. Kf2 c5 21.
Bxb7 Nxb7 22. Qc2 Nd6 23. Na3 Re6 24. Nc4 Rf6+ 25. Ke2 Qc6 26. Nf2 Qg2 27. Raf1
Rxf2+ 28. Rxf2 Qxh1 29. Qf5 Bxg3 30. Qxf7+ Kh8 31. Nd2 Bxf2 32. Qxf2 Qc1 33.
Qe1 Qxc3 0-1